书目信息 |
| 题名: |
市场调查与市场分析
|
|
| 作者: | 李国强 , 苗杰 主编 | |
| 分册: | ||
| 出版信息: | 北京 中国人民大学出版社 2005 |
|
| 页数: | 317页 | |
| 开本: | 23cm | |
| 丛书名: | ||
| 单 册: | ||
| 中图分类: | F713.52 | |
| 科图分类: | ||
| 主题词: | 市场--调查--高等教育--教材 , 市场需求分析--高等教育--教材 , 市场需求分析 , 市场 | |
| 电子资源: | ||
| ISBN: | 7-300-06590-2 | |
| 000 | 01099nam0 2200301 450 | |
| 000 | 01114nam0 2200301 450 | |
| 000 | 01044nam0 2200277 450 | |
| 000 | 01008nam0 2200265 45 | |
| 005 | 20070724103752.67 | |
| 010 | @a7-300-06590-2@dCNY25.00 | |
| 100 | @a20070626d2005 em y0chiy0120 ea | |
| 101 | 0 | @achi |
| 102 | @aCN@b110000 | |
| 105 | @ay z 000yy | |
| 200 | 1 | @a市场调查与市场分析@AShi Chang Diao Cha Yu Shi Chang Fen Xi@f李国强,苗杰主编@FLi Guo Qiang, Miao Jie Zhu Bian |
| 210 | @a北京@c中国人民大学出版社@d2005 | |
| 215 | @a317页@d23cm | |
| 300 | @a21世纪高等继续教育精品教材 | |
| 330 | @a本书较全面地介绍了国内市场调查与市场分析的基本理论、操作方法和各种分析技术,内容几乎涉及了市场调查领域的全部知识。包括明确调查问题、设计调查方案、选择调查方法、处理调查数据等。 | |
| 606 | 0 | @a市场@x调查@x高等教育@j教材 |
| 606 | 0 | @a市场需求分析@x高等教育@j教材 |
| 606 | 0 | @a市场需求分析 |
| 606 | 0 | @a市场 |
| 690 | @aF713.52@v4 | |
| 701 | 0 | @a李国强@ALi Guo Qiang@c(金融)@4主编 |
| 701 | 0 | @a苗杰@AMiao Jie@4主编 |
| 801 | 0 | @aCN@bTAOJIN@c20070724 |
| 905 | @a10447@dF713.52@e356 | |
| 市场调查与市场分析/李国强,苗杰主编.-北京:中国人民大学出版社,2005 |
| 317页;23cm |
| 21世纪高等继续教育精品教材 |
| ISBN 7-300-06590-2:CNY25.00 |
| 本书较全面地介绍了国内市场调查与市场分析的基本理论、操作方法和各种分析技术,内容几乎涉及了市场调查领域的全部知识。包括明确调查问题、设计调查方案、选择调查方法、处理调查数据等。 |
| ● |
| 相关链接 |
|
|
|
|
正题名:市场调查与市场分析
索取号:F713.52/356
 
预约/预借
| 序号 | 登录号 | 条形码 | 馆藏地/架位号 | 状态 | 备注 |
| 1 | 0824434 | 208244345 | 第一样本阅览室/ [索取号:F713.52/356] | 在馆 | |
| 2 | 0824435 | 208244354 | 第一借阅区/ [索取号:F713.52/356] | 在馆 | |
| 3 | 0824436 | 208244363 | 密集书库/ [索取号:F713.52/356] | 在馆 | |
| 4 | 0824437 | 208244372 | 第一借阅区/ [索取号:F713.52/356] | 在馆 | |
| 5 | 0824438 | 208244381 | 密集书库/ [索取号:F713.52/356] | 在馆 | |
| 6 | 0824439 | 208244390 | 第一借阅区/ [索取号:F713.52/356] | 在馆 | |
| 7 | 0824440 | 208244407 | 第一借阅区/ [索取号:F713.52/356] | 在馆 | |
| 8 | 0824441 | 208244416 | 密集书库/ [索取号:F713.52/356] | 在馆 |